|
|
|
|
| LEADER |
01340nam a2200337 a 4500 |
| 001 |
27865 |
| 003 |
BD-DhAAL |
| 005 |
20190421164443.0 |
| 008 |
140126r20132010enk b 001 0 eng |
| 999 |
|
|
|c 14149
|d 14149
|
| 010 |
|
|
|a 2004272121
|
| 020 |
|
|
|a 9780340975152
|
| 020 |
|
|
|a 9781849664257
|
| 040 |
|
|
|a UKM
|c UKM
|d C#P
|d OCLCQ
|d DLC
|d BD-DhAAL
|
| 050 |
0 |
0 |
|a D13
|b .W75 2003
|
| 082 |
0 |
0 |
|a 907.2
|2 22
|
| 245 |
0 |
0 |
|a Writing history :
|b theory & practice /
|c edited by Stefan Berger, Heiko Feldner and Kevin Passmore.
|
| 250 |
|
|
|a 2nd ed.
|
| 260 |
|
|
|a London :
|b Bloomsbury Academy
|c 2010 [Reprinted 2013]
|
| 300 |
|
|
|a xiv, 370 p. ;
|c 24 cm.
|
| 490 |
|
|
|a Writing history
|
| 504 |
|
|
|a Includes bibliographical references and index.
|
| 541 |
|
|
|e 27865, 27866
|
| 650 |
|
0 |
|a Historiography.
|9 3754
|
| 700 |
1 |
|
|a Berger, Stefan.
|9 3755
|
| 700 |
1 |
|
|a Feldner, Heiko.
|9 3756
|
| 700 |
1 |
|
|a Passmore, Kevin.
|9 3757
|
| 852 |
|
|
|a Ayesha Abed Library
|c General Stacks
|
| 942 |
|
|
|2 ddc
|c BK
|
| 952 |
|
|
|0 0
|1 0
|2 ddc
|4 0
|6 907_200000000000000_WRI
|7 0
|9 23850
|a BRACUL
|b BRACUL
|c GEN
|d 2014-01-26
|e Karim International
|g 2550.00
|l 0
|o 907.2 WRI
|p 3010027865
|r 2014-01-26
|t 1
|w 2014-01-26
|y BK
|
| 952 |
|
|
|0 0
|1 0
|2 ddc
|4 0
|6 907_200000000000000_WRI
|7 0
|9 23851
|a BRACUL
|b BRACUL
|c GEN
|d 2014-01-26
|e Karim International
|g 2550.00
|l 0
|o 907.2 WRI
|p 3010027866
|r 2014-01-26
|t 2
|w 2014-01-26
|y BK
|